000 00570nam a2200217 a 4500
999 _c828
_d828
008 191101s2011 ii ||||g |||| 00| 0beng d
020 _a9788184952292
_cRs. 250.00
040 _aKO
_beng
041 0 _aeng
044 _aii
082 0 4 _223
_a923.1
_bC5916
100 1 _aClements, Jonathan
245 1 0 _aMao Zedong :
_bA Biography /
_cJonathan Clements
260 _aMumbai :
_bJaico Publishing House ,
_c2011
300 _a215 p. ;
_c20 cm.
600 _aMao, Zedong
650 0 _aHeads of state
_vBiography
_z China
904 _aA_BOSE
942 _cBK